[Event "40 Nezhmetdinov Memorial"]
[Site "Kazan"]
[Date "2018.09.17"]
[Round "5.48"]
[White "Lazarev, Artem"]
[Black "Murzin, Lenar"]
[Result "0-1"]
[WhiteElo "1671"]
[BlackElo "2007"]
[PlyCount "108"]
[EventDate "2018.09.13"]

1. e4 c5 2. Nc3 Nc6 3. g3 g6 4. Bg2 Bg7 5. f4 d6 6. Nf3 e6 7. O-O Nge7 8. d3
O-O 9. h3 b6 10. Be3 Nd4 11. g4 Bb7 12. f5 exf5 13. exf5 gxf5 14. Nxd4 Bxg2 15.
Kxg2 cxd4 16. gxf5 dxe3 17. f6 Ng6 18. fxg7 Kxg7 19. Qg4 d5 20. Qd4+ Kg8 21.
Nxd5 Qg5+ 22. Kh1 Rad8 23. Nf6+ Kh8 24. Nd7+ f6 25. Rxf6 Rxf6 26. Qxf6+ Qxf6
27. Nxf6 Rf8 28. Ne4 Rf3 29. Kg2 Nh4+ 30. Kh2 e2 31. Nd2 Re3 32. Re1 Kg7 33.
Kg1 Rg3+ 34. Kf2 Rg2+ 35. Ke3 Nf5+ 36. Kf3 Rh2 37. Kg4 Ne3+ 38. Kg3 Nxc2 39.
Rg1 e1=Q+ 40. Kxh2+ Qxg1+ 41. Kxg1 Nb4 42. a3 Nxd3 43. b3 Kf6 44. Nc4 Ke6 45.
Kg2 Nc1 46. Nd2 Kd5 47. Kg3 Kd4 48. Kg4 Kc3 49. Ne4+ Kxb3 50. Nf6 Nd3 51. h4
Kxa3 52. Nxh7 b5 53. h5 b4 54. h6 Ne5+ 0-1

[Event "40 Nezhmetdinov Memorial"]
[Site "Kazan"]
[Date "2018.09.17"]
[Round "5.49"]
[White "Gabitov, Bulat"]
[Black "Khusnutdinov, Abdul"]
[Result "1-0"]
[WhiteElo "1998"]
[BlackElo "1724"]
[PlyCount "165"]
[EventDate "2018.09.13"]

1. d4 d5 2. c4 c6 3. Nf3 Nf6 4. g3 Bg4 5. Ne5 Bh5 6. Bg2 e6 7. O-O Nbd7 8. Nd3
Be7 9. Nc3 O-O 10. Nf4 Bg6 11. Nxg6 hxg6 12. e4 dxe4 13. Nxe4 Nb6 14. b3 a5 15.
Be3 a4 16. Rb1 Nxe4 17. Bxe4 f5 18. Bg2 a3 19. Qe2 Bf6 20. Rfd1 Qe7 21. Rd2
Rfe8 22. Rbd1 Qc7 23. f4 Rad8 24. Qf2 Nd7 25. Bf3 Be7 26. Kg2 Nf6 27. d5 Qc8
28. d6 Bf8 29. Bb6 Rd7 30. h4 e5 31. fxe5 Rxe5 32. Be3 Qe8 33. Bf4 Ne4 34. Bxe4
Rxe4 35. Qf3 Qe6 36. c5 g5 37. Bxg5 g6 38. h5 Bg7 39. hxg6 Qxg6 40. Bf4 Qe8 41.
Kf1 Kf8 42. Re2 Rxe2 43. Qxe2 Qf7 44. Re1 Bd4 45. Bh6+ Kg8 46. Qe8+ Qxe8 47.
Rxe8+ Kf7 48. Ra8 Bxc5 49. Bc1 Bxd6 50. Bxa3 Bxa3 51. Rxa3 b5 52. Ra6 Rd2 53.
Rxc6 Rxa2 54. Rb6 Ra5 55. b4 Ra3 56. Rxb5 Ke6 57. Kf2 Rb3 58. Rb8 Ke5 59. b5
Rb2+ 60. Kf3 Rb3+ 61. Kg2 Rb2+ 62. Kh3 Rb1 63. b6 Kd6 64. b7 Kc7 65. Rf8 Kxb7
66. Rxf5 Kc6 67. Re5 Kd6 68. Re2 Rh1+ 69. Kg4 Rg1 70. Kh4 Rh1+ 71. Kg5 Rg1 72.
g4 Kd7 73. Kh5 Rh1+ 74. Kg6 Rg1 75. g5 Kd6 76. Kh6 Rh1+ 77. Kg7 Rg1 78. g6 Kd7
79. Kh7 Rh1+ 80. Kg8 Rg1 81. g7 Kd8 82. Re5 Kd7 83. Kh7 1-0

[Event "40 Nezhmetdinov Memorial"]
[Site "Kazan"]
[Date "2018.09.17"]
[Round "5.50"]
[White "Khanukaev, Mark"]
[Black "Smorodkin, Kirill"]
[Result "0-1"]
[WhiteElo "1182"]
[BlackElo "1875"]
[PlyCount "68"]
[EventDate "2018.09.13"]

1. d4 Nf6 2. c4 g6 3. Nc3 d5 4. cxd5 Nxd5 5. e4 Nxc3 6. bxc3 Bg7 7. Bc4 c5 8.
Ne2 Nc6 9. Be3 O-O 10. Rc1 cxd4 11. cxd4 Qa5+ 12. Kf1 e6 13. e5 Rd8 14. Ng3 Qa3
15. Qb3 Qxb3 16. axb3 Nxd4 17. f4 Nf5 18. Nxf5 exf5 19. Ke2 Bd7 20. Rhd1 Bc6
21. g3 Be4 22. Bd3 Bd5 23. Bc4 Bc6 24. Bc5 Bf8 25. Bd4 Bd5 26. Bxd5 Rxd5 27.
Rc7 Rad8 28. Rc4 b5 29. Rc7 Rxd4 30. Rxd4 Rxd4 31. Rxa7 Re4+ 32. Kd3 Re3+ 33.
Kc2 b4 34. Ra4 Rc3+ 0-1

[Event "40 Nezhmetdinov Memorial"]
[Site "Kazan"]
[Date "2018.09.17"]
[Round "5.51"]
[White "Nikolaeva, Ksenya"]
[Black "Salimova, Dinara"]
[Result "1-0"]
[WhiteElo "1874"]
[BlackElo "1467"]
[PlyCount "39"]
[EventDate "2018.09.13"]

1. e4 c5 2. Nc3 Nc6 3. Nf3 e5 4. Bc4 g6 5. d3 h6 6. O-O Bg7 7. Ne1 Nge7 8. f4
exf4 9. Bxf4 O-O 10. Qc1 g5 11. Bd6 b6 12. Nd5 Be5 13. Nxe7+ Kh7 14. Nxc6 dxc6
15. Bxe5 Be6 16. Bxe6 fxe6 17. Rxf8 Qxf8 18. Qe3 Rd8 19. Nf3 g4 20. Nd2 1-0

[Event "40 Nezhmetdinov Memorial"]
[Site "Kazan"]
[Date "2018.09.17"]
[Round "5.52"]
[White "Muldiarov, Valerij"]
[Black "Khabibullin, Ruslan"]
[Result "0-1"]
[WhiteElo "1737"]
[BlackElo "1517"]
[PlyCount "86"]
[EventDate "2018.09.13"]

1. d4 d5 2. c4 dxc4 3. Nf3 e6 4. e3 Nf6 5. Bxc4 c5 6. Nc3 a6 7. a4 Nc6 8. O-O
Be7 9. Qe2 O-O 10. Rd1 Qc7 11. b3 Na5 12. Bb2 Nxc4 13. bxc4 cxd4 14. exd4 b6
15. h3 Bb7 16. Rac1 Bxf3 17. Qxf3 Qxc4 18. d5 Rad8 19. Nb5 Qa2 20. Bxf6 Bxf6
21. Nc7 Be5 22. Nxa6 Rxd5 23. Nb4 Rxd1+ 24. Qxd1 Qb2 25. Nd3 Qd4 26. Nxe5 Qxe5
27. Qd7 Qb2 28. Rc7 Qa1+ 29. Kh2 Qe5+ 30. Kg1 Qe1+ 31. Kh2 Qxf2 32. Rb7 Qf4+
33. Kg1 h6 34. Kh1 Ra8 35. Rxb6 Rxa4 36. Rb1 Rd4 37. Qc8+ Kh7 38. Qc2+ Qe4 39.
Qb2 Rd3 40. Kh2 Re3 41. Rf1 Re2 42. Qb1 Rxg2+ 43. Kh1 Rc2+ 0-1

[Event "40 Nezhmetdinov Memorial"]
[Site "Kazan"]
[Date "2018.09.17"]
[Round "5.53"]
[White "Guzhova, Amina"]
[Black "Semenova, Anastasia"]
[Result "0-1"]
[WhiteElo "1554"]
[BlackElo "1775"]
[PlyCount "102"]
[EventDate "2018.09.13"]

1. d4 Nf6 2. Bf4 e6 3. e3 d5 4. Nd2 Be7 5. Bd3 O-O 6. Ngf3 b6 7. c3 c5 8. Ne5
Bd6 9. Qf3 cxd4 10. exd4 Ba6 11. Bc2 Qc7 12. Qh3 Nc6 13. Ng4 Ne4 14. Bxd6 Qxd6
15. f3 f5 16. fxe4 fxg4 17. Qxh7+ Kxh7 18. e5+ Kh6 19. exd6 e5 20. dxe5 Nxe5
21. O-O-O Be2 22. Rde1 Rf2 23. Rhg1 Rd8 24. Nb3 Rxd6 25. Nd4 Nd3+ 26. Bxd3 Bxd3
27. Re3 Be4 28. Re2 Rdf6 29. Kd2 Kg6 30. Ke1 Rxe2+ 31. Kxe2 Kg5 32. g3 Rh6 33.
Ke3 Rxh2 34. Ne2 Bf3 35. Re1 Rg2 36. Kd2 Kf5 37. Kd3 Bxe2+ 38. Rxe2 Rxe2 39.
Kxe2 Ke4 40. b3 d4 41. cxd4 Kxd4 42. Kd2 a6 43. a3 a5 44. a4 g6 45. Kc2 Ke3 46.
Kc3 Kf3 47. Kc4 Kxg3 48. Kb5 Kf4 49. Kxb6 g3 50. Kxa5 g2 51. b4 g1=Q 0-1

[Event "40 Nezhmetdinov Memorial"]
[Site "Kazan"]
[Date "2018.09.17"]
[Round "5.54"]
[White "Nagaeva, Aliia"]
[Black "Rafikov, Danis"]
[Result "0-1"]
[WhiteElo "1605"]
[BlackElo "1307"]
[PlyCount "90"]
[EventDate "2018.09.13"]

1. d4 d5 2. Bf4 e6 3. e3 Nf6 4. Nd2 Bd6 5. Bg3 O-O 6. Ngf3 b6 7. Bd3 Ba6 8.
Bxa6 Nxa6 9. Ne5 c5 10. c3 Qc7 11. f4 Nb8 12. Qf3 Nc6 13. Bh4 Be7 14. Bxf6 Bxf6
15. h4 cxd4 16. exd4 Bxe5 17. fxe5 f6 18. Qg4 Rae8 19. O-O-O fxe5 20. dxe5 Nxe5
21. Qe2 Ng6 22. Kb1 Nf4 23. Qf3 e5 24. g3 e4 25. Qe3 Nd3 26. Rhf1 Qc5 27. Qe2
Rf2 28. Rxf2 Qxf2 29. Qh5 Qf7 30. Qe2 Qg6 31. Qg2 Nf4 32. Qh2 e3+ 33. Ka1 exd2
34. Qxd2 Ne6 35. Qf2 Qf6 36. Qg2 Rf8 37. Qe2 Nc5 38. Qd2 Rd8 39. Qg2 Ne4 40. c4
Qf2 41. Qxf2 Nxf2 42. Rxd5 Rxd5 43. cxd5 Kf7 44. Kb1 Ke7 45. Kc2 Kd6 0-1

[Event "40 Nezhmetdinov Memorial"]
[Site "Kazan"]
[Date "2018.09.18"]
[Round "6.11"]
[White "Maiorov, Nikita"]
[Black "Faizrakhmanov, Ramil"]
[Result "0-1"]
[WhiteElo "2512"]
[BlackElo "2414"]
[PlyCount "97"]
[EventDate "2018.09.13"]

1. d4 Nf6 2. c4 e6 3. Nc3 Bb4 4. Qc2 O-O 5. a3 Bxc3+ 6. Qxc3 b6 7. Nf3 Bb7 8.
e3 d5 9. b3 Nbd7 10. Be2 c5 11. O-O Rc8 12. Bb2 dxc4 13. bxc4 Ne4 14. Qb3 cxd4
15. exd4 Ng5 16. Ne1 Qf6 17. f3 h5 18. Qe3 h4 19. Rc1 Qh6 20. Kh1 f5 21. Qf4
Nf6 22. Rc2 h3 23. Bc1 hxg2+ 24. Nxg2 Nf7 25. Qxh6 Nxh6 26. Nf4 Rfe8 27. Bd3
Nf7 28. Ng6 Rcd8 29. Bb2 e5 30. d5 b5 31. Bxf5 bxc4 32. Be6 Bxd5 33. Bxf7+ Bxf7
34. Nxe5 Bd5 35. Nxc4 Ng4 36. Rfc1 Bxf3+ 37. Kg1 Bd1 38. Rc3 Re1+ 39. Kg2 Re2+
40. Kg3 Nxh2 41. Ne3 Rxe3+ 42. Rxe3 Nf1+ 43. Kf2 Rf8+ 44. Ke1 Nxe3 45. Kd2 Rf2+
46. Kxe3 Rxb2 47. Rxd1 Rb3+ 48. Kf4 Rxa3 49. Rd7 0-1

[Event "40 Nezhmetdinov Memorial"]
[Site "Kazan"]
[Date "2018.09.18"]
[Round "6.12"]
[White "Usmanov, Vasily"]
[Black "Baghdasaryan, Vahe"]
[Result "1-0"]
[WhiteElo "2470"]
[BlackElo "2404"]
[PlyCount "47"]
[EventDate "2018.09.13"]

1. d4 d5 2. c4 c6 3. Nf3 Nf6 4. Qc2 e6 5. g3 c5 6. Bg2 Nc6 7. O-O cxd4 8. Rd1
e5 9. cxd5 Nb4 10. Qb3 Qc7 11. Na3 Nfxd5 12. Bd2 f6 13. Ne1 Qf7 14. Nd3 Be6 15.
Nb5 Na6 16. Qa4 Bd7 17. Rac1 Be7 18. Qa5 Be6 19. Nxd4 exd4 20. Qb5+ Kf8 21.
Qxb7 Ndc7 22. Nf4 Bc8 23. Qxa8 Nxa8 24. Rxc8+ 1-0

[Event "40 Nezhmetdinov Memorial"]
[Site "Kazan"]
[Date "2018.09.18"]
[Round "6.13"]
[White "Tunik, Gennady"]
[Black "Frolyanov, Dmitry"]
[Result "1-0"]
[WhiteElo "2367"]
[BlackElo "2532"]
[PlyCount "133"]
[EventDate "2018.09.13"]

1. d4 d5 2. c4 e6 3. Nf3 Nf6 4. g3 dxc4 5. Bg2 a6 6. O-O Nc6 7. Bg5 h6 8. Bxf6
Qxf6 9. e3 e5 10. dxe5 Nxe5 11. Nxe5 Qxe5 12. Nd2 Be7 13. Nxc4 Qc5 14. Qc2 O-O
15. b4 Qa7 16. Na5 Bxb4 17. Qxc7 Be6 18. Nb3 Rab8 19. Qf4 Bc3 20. Rac1 Rbc8 21.
Nd4 Rc4 22. Rfd1 b5 23. Bf1 Rcc8 24. Nxe6 fxe6 25. Qe4 Qf7 26. Rc2 Qf5 27. Qxf5
exf5 28. Rdc1 b4 29. Bxa6 Ra8 30. Bc4+ Kh7 31. Rd1 Rfd8 32. Rcc1 g6 33. Kg2 Kg7
34. Bb3 Kf6 35. h3 h5 36. f4 Ke7 37. Kf3 Kf6 38. g4 hxg4+ 39. hxg4 g5 40. gxf5
Kxf5 41. e4+ Kf6 42. fxg5+ Kxg5 43. Ke3 Rxd1 44. Rxd1 Kf6 45. Rd6+ Ke7 46. e5
Rh8 47. Ra6 Rh3+ 48. Kf4 Rd3 49. Rg6 Rd2 50. Rg7+ Kd8 51. Ra7 Re2 52. e6 Re1
53. Kf5 Re5+ 54. Kg6 Re1 55. Kf7 Rf1+ 56. Kg8 Rg1+ 57. Kf8 Rf1+ 58. Rf7 Bf6 59.
Rd7+ Kc8 60. Ke8 Rh1 61. Rd5 Rh7 62. Rc5+ Kb7 63. Rf5 Rh8+ 64. Kf7 Bh4 65. Rf4
Kc6 66. Rxb4 Kd6 67. Rd4+ 1-0

[Event "40 Nezhmetdinov Memorial"]
[Site "Kazan"]
[Date "2018.09.18"]
[Round "6.14"]
[White "Lintchevski, Daniil"]
[Black "Yeletsky, Ivan"]
[Result "1-0"]
[WhiteElo "2519"]
[BlackElo "2388"]
[PlyCount "51"]
[EventDate "2018.09.13"]

1. e4 e5 2. Nf3 Nc6 3. Nc3 Nf6 4. Bb5 Bd6 5. d3 a6 6. Bc4 Bc5 7. Be3 Bxe3 8.
fxe3 d6 9. O-O Na5 10. Bb3 O-O 11. Qe1 Nxb3 12. axb3 b6 13. Qh4 Bb7 14. Rf2 b5
15. Raf1 Nd7 16. Qg3 f6 17. Nh4 b4 18. Nd5 a5 19. Ne7+ Kf7 20. Nhf5 g6 21. Qh4
h5 22. Nxg6 Kxg6 23. Rf3 Nc5 24. Rg3+ Kf7 25. Nh6+ Ke8 26. Rg7 1-0

[Event "40 Nezhmetdinov Memorial"]
[Site "Kazan"]
[Date "2018.09.18"]
[Round "6.15"]
[White "Gubajdullin, Alexei"]
[Black "Khanin, Semen"]
[Result "0-1"]
[WhiteElo "2358"]
[BlackElo "2507"]
[PlyCount "53"]
[EventDate "2018.09.13"]

1. d4 Nf6 2. Bf4 g6 3. e3 Bg7 4. Nf3 O-O 5. Be2 d6 6. O-O b6 7. h3 Bb7 8. a4
Nc6 9. c3 Re8 10. Bh2 a6 11. b4 e5 12. Qb3 exd4 13. cxd4 a5 14. b5 Nb4 15. Nc3
Qd7 16. Ne1 Qf5 17. Rd1 Re7 18. Bf3 Bxf3 19. Nxf3 Ne4 20. Nxe4 Qxe4 21. Ne1 Qd5
22. Qxd5 Nxd5 23. Nd3 g5 24. g4 h5 25. Kg2 hxg4 26. hxg4 Rae8 27. Bg1 0-1

[Event "40 Nezhmetdinov Memorial"]
[Site "Kazan"]
[Date "2018.09.18"]
[Round "6.16"]
[White "Hasangatin, Ramil"]
[Black "Sadykov, Ramil"]
[Result "1/2-1/2"]
[WhiteElo "2490"]
[BlackElo "2364"]
[PlyCount "64"]
[EventDate "2018.09.13"]

1. Nf3 d5 2. g3 Nf6 3. Bg2 e6 4. O-O Be7 5. c4 O-O 6. d4 dxc4 7. Qc2 a6 8. Qxc4
b5 9. Qc2 Bb7 10. Bd2 Be4 11. Qc1 c6 12. Be3 Nbd7 13. Nbd2 Bd5 14. Nb3 a5 15.
Rd1 Qc7 16. Ne1 a4 17. Nd2 c5 18. dxc5 Rfc8 19. b4 axb3 20. Nxb3 Nxc5 21. Nxc5
Bxc5 22. Qxc5 Qxc5 23. Bxc5 Rxc5 24. Nd3 Rc2 25. Nb4 Rxe2 26. Nxd5 Nxd5 27.
Bxd5 exd5 28. Rxd5 g6 29. Rxb5 Raxa2 30. Rxa2 Rxa2 31. h4 h5 32. Kg2 Kg7
1/2-1/2

[Event "40 Nezhmetdinov Memorial"]
[Site "Kazan"]
[Date "2018.09.18"]
[Round "6.17"]
[White "Mukhutdinov, Tigran"]
[Black "Kabanov, Nikolai"]
[Result "0-1"]
[WhiteElo "2273"]
[BlackElo "2484"]
[PlyCount "144"]
[EventDate "2018.09.13"]

1. e4 c5 2. Nf3 a6 3. d4 cxd4 4. Nxd4 Nf6 5. Nc3 e5 6. Nf3 Nc6 7. Bc4 Bb4 8.
O-O d6 9. Qd3 h6 10. a3 Bxc3 11. bxc3 Na5 12. Ba2 Be6 13. Bxe6 fxe6 14. Rd1 Rc8
15. Nh4 O-O 16. Ng6 Re8 17. Rb1 Kh7 18. Nh4 Qc7 19. Be3 Nc4 20. Rb3 Qc6 21. Re1
Qxe4 22. Bc1 Qxd3 23. cxd3 Na5 24. Rb6 Rc6 25. Rxc6 Nxc6 26. Nf3 b5 27. Bd2 Rc8
28. Kf1 Ne7 29. Ng1 Ned5 30. f3 Nd7 31. Ne2 Nc5 32. Nc1 Na4 33. Na2 Rc7 34. Rc1
Nf4 35. Bxf4 exf4 36. Ke2 Kg6 37. Kd2 Kf6 38. Rb1 g5 39. Rb4 d5 40. Rb3 Rc6 41.
Nb4 Rd6 42. Rb1 e5 43. Re1 Nc5 44. d4 exd4 45. cxd4 Ne6 46. Kd3 a5 47. Na2 Ke7
48. Rb1 Nc7 49. Nc3 Rb6 50. Na4 Re6 51. Nc3 Re3+ 52. Kd2 Kd6 53. Nxb5+ Nxb5 54.
Rxb5 Rxa3 55. Rb6+ Kc7 56. Rxh6 Ra2+ 57. Kc3 Rxg2 58. h4 g4 59. fxg4 Rxg4 60.
h5 Rh4 61. Rf6 Rxh5 62. Rxf4 Rh3+ 63. Kc2 Kc6 64. Rf5 a4 65. Rf8 Kb5 66. Rc8
Kb4 67. Rc7 a3 68. Rc8 Rh2+ 69. Kd3 Rh3+ 70. Kc2 Rh1 71. Rb8+ Kc4 72. Ra8 a2
0-1

[Event "40 Nezhmetdinov Memorial"]
[Site "Kazan"]
[Date "2018.09.18"]
[Round "6.18"]
[White "Shoboev, Dandar"]
[Black "Drygalov, Andrey"]
[Result "0-1"]
[WhiteElo "2237"]
[BlackElo "2465"]
[PlyCount "110"]
[EventDate "2018.09.13"]

1. d4 Nf6 2. c4 e6 3. Nf3 d5 4. g3 Bb4+ 5. Bd2 Be7 6. Bg2 O-O 7. O-O Nbd7 8.
Qc2 c6 9. Rd1 b6 10. Bf4 Ba6 11. cxd5 cxd5 12. Nc3 b5 13. a3 Rc8 14. Ne5 Bb7
15. Qd2 a6 16. b4 Nb6 17. Nd3 Nc4 18. Qe1 Bc6 19. Nc5 a5 20. Bg5 Nxa3 21. Rxa3
axb4 22. Ra6 bxc3 23. Qxc3 Be8 24. Bxf6 Bxf6 25. Qb4 Be7 26. e3 Bxc5 27. dxc5
Qc7 28. Rc1 Bc6 29. Bf1 Rb8 30. Bd3 Rfc8 31. Rd1 h6 32. Bf1 Ra8 33. Rda1 Rxa6
34. Rxa6 Rb8 35. h4 Be8 36. Ra1 Rc8 37. Rc1 Qc6 38. Be2 Ra8 39. Rb1 Rb8 40. Bf1
Qa6 41. Qf4 Qb7 42. Rb4 Ra8 43. Qd6 Qc6 44. Qe7 Qd7 45. Qxd7 Bxd7 46. Rb3 Rb8
47. Bd3 Kf8 48. Kf1 Ke7 49. Ke2 Kd8 50. Kd2 b4 51. e4 Bc6 52. exd5 Bxd5 53. Rb2
Kc7 54. Ke3 Kc6 55. Kd4 b3 0-1

[Event "40 Nezhmetdinov Memorial"]
[Site "Kazan"]
[Date "2018.09.18"]
[Round "6.19"]
[White "Gaifullin, Artur"]
[Black "Ponfilenok, Vladimir"]
[Result "1-0"]
[WhiteElo "2454"]
[BlackElo "2353"]
[PlyCount "105"]
[EventDate "2018.09.13"]

1. Nf3 e6 2. g3 f5 3. Bg2 Nf6 4. O-O d5 5. d3 Be7 6. Nbd2 O-O 7. c4 d4 8. Ne5
Nbd7 9. Nxd7 Qxd7 10. Nf3 c5 11. Qc2 a5 12. e3 dxe3 13. Bxe3 Ng4 14. Bf4 Bd6
15. Bxd6 Qxd6 16. d4 e5 17. dxe5 Nxe5 18. Nxe5 Qxe5 19. Rfe1 Qf6 20. f4 Rb8 21.
Qc3 Qxc3 22. Bd5+ Kh8 23. bxc3 b5 24. cxb5 Rxb5 25. c4 Rb6 26. Re7 Rd6 27. Rb1
Rd7 28. Re5 Rc7 29. Rb8 g6 30. Ra8 Rd8 31. Rxa5 Bb7 32. Ra7 Rdd7 33. a4 Kg7 34.
Rxb7 Rxb7 35. Bxb7 Rxb7 36. Rxc5 Rb1+ 37. Kg2 Rb2+ 38. Kh3 h6 39. a5 Ra2 40.
Rc7+ Kf6 41. Rc6+ Kg7 42. a6 g5 43. fxg5 hxg5 44. c5 Kf7 45. Rb6 Ke7 46. Rg6
Kf7 47. Rxg5 Kf6 48. Rh5 Kg6 49. Rh4 Rxa6 50. Rc4 Rc6 51. Kg2 Kf6 52. Kf3 Ke5
53. Rc1 1-0

[Event "40 Nezhmetdinov Memorial"]
[Site "Kazan"]
[Date "2018.09.18"]
[Round "6.20"]
[White "Bogdanov, Nikita"]
[Black "Kalegin, Evgenij"]
[Result "1-0"]
[WhiteElo "2244"]
[BlackElo "2433"]
[PlyCount "111"]
[EventDate "2018.09.13"]

1. e4 c5 2. c3 Nf6 3. e5 Nd5 4. d4 cxd4 5. Nf3 e6 6. cxd4 d6 7. Bc4 Be7 8. O-O
O-O 9. Qe2 Nc6 10. Nc3 dxe5 11. dxe5 Nxc3 12. bxc3 Qa5 13. Bd2 Qa4 14. Bb3 Qg4
15. h3 Qh5 16. Rad1 Bd7 17. Bc2 f5 18. Bg5 Rad8 19. Bxe7 Nxe7 20. Bb3 Kh8 21.
Rd4 Bc6 22. Bxe6 Qg6 23. Bb3 Rxd4 24. cxd4 Nd5 25. Bxd5 Bxd5 26. Re1 Re8 27. a3
h6 28. Qe3 Qf7 29. Rc1 Re6 30. Rc8+ Kh7 31. Rd8 Rb6 32. Nd2 Rg6 33. f3 Bc6 34.
Qb3 Qxb3 35. Nxb3 Bxf3 36. Kf2 Bxg2 37. d5 f4 38. d6 Bxh3 39. Nc5 b6 40. Ne4
Rg2+ 41. Kf3 Ra2 42. Kxf4 Rxa3 43. Nf2 Ra4+ 44. Ke3 Ra3+ 45. Kd4 Be6 46. Re8
Ra4+ 47. Kc3 Ra3+ 48. Kb2 Ra2+ 49. Kb1 Rxf2 50. Rxe6 Rd2 51. Re7 h5 52. Kc1 Rd5
53. d7 h4 54. Rf7 h3 55. e6 h2 56. Rf1 1-0

[Event "40 Nezhmetdinov Memorial"]
[Site "Kazan"]
[Date "2018.09.18"]
[Round "6.21"]
[White "Palachev, Petr"]
[Black "Murtazin, Ruslan"]
[Result "1-0"]
[WhiteElo "2405"]
[BlackElo "2295"]
[PlyCount "139"]
[EventDate "2018.09.13"]

1. d4 Nf6 2. c4 c5 3. d5 e6 4. Nc3 exd5 5. cxd5 d6 6. Nf3 g6 7. Bf4 a6 8. a4
Bg7 9. h3 O-O 10. e3 Qe7 11. Be2 Nbd7 12. O-O Rb8 13. a5 Ne8 14. Nd2 Ne5 15.
Qb3 g5 16. Bg3 f5 17. f4 Ng6 18. Nc4 gxf4 19. Bxf4 Nxf4 20. Rxf4 Bd7 21. Raf1
Nc7 22. R4f3 Nb5 23. Bd3 Bh6 24. Ne2 Rbe8 25. Kh1 Rf7 26. Nb6 Ref8 27. Nxd7
Qxd7 28. Qc2 f4 29. exf4 Nd4 30. Nxd4 cxd4 31. f5 Bg7 32. f6 Rxf6 33. Bxh7+ Kh8
34. Bf5 Qf7 35. Qe4 Re8 36. Qg4 Rf8 37. Qxd4 Rh6 38. Qd2 Rf6 39. b3 Rxf5 40.
Rxf5 Qxf5 41. Rxf5 Rxf5 42. Kh2 Be5+ 43. g3 Rf3 44. Qh6+ Kg8 45. Qg5+ Kf8 46.
Qd8+ Kg7 47. Qd7+ Kh6 48. Qe6+ Kh7 49. b4 Rb3 50. Qf5+ Kh6 51. Qe6+ Kh7 52. Qg4
Rb2+ 53. Kg1 Rb1+ 54. Kf2 Rb2+ 55. Kf1 Rb1+ 56. Ke2 Rb2+ 57. Kd1 Rb1+ 58. Kc2
Rb2+ 59. Kc1 Rb3 60. Qd7+ Kg6 61. Qxb7 Bxg3 62. Kc2 Rf3 63. Qxa6 Be5 64. Qc4
Kf7 65. a6 Ra3 66. b5 Rxh3 67. a7 Rh2+ 68. Kb1 Rh1+ 69. Qc1 Rh8 70. b6 1-0

[Event "40 Nezhmetdinov Memorial"]
[Site "Kazan"]
[Date "2018.09.18"]
[Round "6.22"]
[White "Salemgareev, Tagir"]
[Black "Doroshenko, Diana"]
[Result "1/2-1/2"]
[WhiteElo "2394"]
[BlackElo "2122"]
[PlyCount "122"]
[EventDate "2018.09.13"]

1. d4 Nf6 2. c4 g6 3. Nc3 Bg7 4. e4 d6 5. h3 O-O 6. Be3 c5 7. Nf3 cxd4 8. Nxd4
b6 9. g3 Bb7 10. Bg2 Nbd7 11. O-O Nc5 12. Qc2 Nfd7 13. Rad1 Rc8 14. b3 a6 15.
a4 Ne5 16. Qb1 Nc6 17. Nde2 Ne5 18. f4 Ned7 19. Rd2 Qc7 20. Rc1 Rfe8 21. b4 Ne6
22. Nd5 Qb8 23. Rd3 Bc6 24. Qa2 a5 25. Rb3 Qa7 26. Nxb6 Nxb6 27. bxa5 Qxa5 28.
Bxb6 Qa8 29. Re3 Rb8 30. Rb1 Nc5 31. a5 Nxe4 32. Qc2 Nc5 33. Bxc6 Qxc6 34. Rb5
Nd7 35. Qe4 Qxe4 36. Rxe4 Nxb6 37. axb6 Rb7 38. Re3 Rc8 39. Ra3 Rcb8 40. Rab3
Bf6 41. Kf2 e6 42. Ke3 Bd8 43. Nd4 Rxb6 44. Nc6 Rxb5 45. cxb5 Bb6+ 46. Kd3 Ra8
47. Rc3 Kf8 48. Nd4 Bxd4 49. Kxd4 Rb8 50. Rb3 Ke7 51. Kc4 Kd7 52. Kb4 Kc7 53.
Rc3+ Kb7 54. Rc6 Rd8 55. Ka5 Ra8+ 56. Kb4 d5 57. Rd6 Kc7 58. Kc5 Ra5 59. Rc6+
Kb7 60. Rb6+ Kc7 61. Rc6+ Kb7 1/2-1/2

[Event "40 Nezhmetdinov Memorial"]
[Site "Kazan"]
[Date "2018.09.18"]
[Round "6.23"]
[White "Yangutov, Aleksey"]
[Black "Makhmutov, Rail"]
[Result "1-0"]
[WhiteElo "2159"]
[BlackElo "2407"]
[PlyCount "33"]
[EventDate "2018.09.13"]

1. d4 Nf6 2. c4 c5 3. d5 b5 4. a4 bxc4 5. Nc3 d6 6. e4 g6 7. Bxc4 Bg7 8. Nf3
O-O 9. O-O Ba6 10. Bb5 Nfd7 11. Qe2 Qc8 12. Bf4 Bxc3 13. bxc3 f6 14. h3 Ne5 15.
Bxe5 dxe5 16. Rfb1 Bxb5 17. axb5 1-0

[Event "40 Nezhmetdinov Memorial"]
[Site "Kazan"]
[Date "2018.09.18"]
[Round "6.24"]
[White "Mamedjarova, Turkan"]
[Black "Maneluk, Daniil"]
[Result "1-0"]
[WhiteElo "2312"]
[BlackElo "2170"]
[PlyCount "69"]
[EventDate "2018.09.13"]

1. d4 Nf6 2. Nf3 c5 3. d5 b5 4. c4 g6 5. cxb5 a6 6. bxa6 Bg7 7. Nc3 O-O 8. e4
d6 9. Be2 Qa5 10. O-O Bxa6 11. h3 Nfd7 12. Bd2 Bxe2 13. Qxe2 Na6 14. Nd1 Qb6
15. Bc3 Rfb8 16. Bxg7 Kxg7 17. Rc1 Nc7 18. b3 Qa6 19. Qb2+ Kg8 20. Rc2 Ra7 21.
Qc1 Rb4 22. Re1 Nf6 23. e5 Nfxd5 24. Qh6 Ne6 25. Rd2 Qc6 26. exd6 exd6 27. Ng5
Nxg5 28. Qxg5 Nf4 29. Ne3 Rd4 30. Nf5 Ne6 31. Nxd4 Nxd4 32. Qd8+ Kg7 33. Re8 h5
34. Rg8+ Kh7 35. Qf8 1-0

[Event "40 Nezhmetdinov Memorial"]
[Site "Kazan"]
[Date "2018.09.18"]
[Round "6.25"]
[White "Zhafyarov, Adel"]
[Black "Makoveev, Ilya"]
[Result "1/2-1/2"]
[WhiteElo "2202"]
[BlackElo "2271"]
[PlyCount "138"]
[EventDate "2018.09.13"]

1. d4 Nf6 2. Bf4 e6 3. e3 c5 4. c3 Nc6 5. Nd2 d5 6. Ngf3 Bd6 7. Bg3 O-O 8. Ne5
Ne7 9. Bd3 Nf5 10. Bxf5 exf5 11. dxc5 Bxc5 12. Nd3 Bb6 13. O-O Ne4 14. Nf3 Be6
15. Nd4 Qf6 16. a4 a6 17. Re1 g5 18. Be5 Qe7 19. Qh5 f6 20. Nxe6 Qxe6 21. Bd4
Bc7 22. f3 Nd6 23. h4 Qf7 24. Qh6 Qg6 25. Qxg6+ hxg6 26. hxg5 fxg5 27. Nb4 Nc4
28. Nxd5 Bg3 29. Re2 Rad8 30. e4 Kf7 31. a5 fxe4 32. fxe4 Ke6 33. b3 Ne5 34.
Ne3 Nc6 35. Nf1 Be5 36. Bxe5 Kxe5 37. b4 Rd3 38. Rc1 Rc8 39. Rb2 Na7 40. c4 Nc6
41. Re1 Kd4 42. c5 Ne5 43. Rc1 Rd8 44. Nd2 g4 45. Rbc2 g3 46. Rf1 Rc3 47. Rb2
Nd3 48. Rbb1 Rc2 49. Nf3+ Kc3 50. Ne1 Nxe1 51. Rfxe1 Rd3 52. e5 Kd4 53. e6 Kc4
54. Rbc1 Rxc1 55. Rxc1+ Kxb4 56. Re1 Rd8 57. e7 Re8 58. Rb1+ Kxc5 59. Rxb7 Kd6
60. Rb6+ Kxe7 61. Rxg6 Kf7 62. Rxg3 Re5 63. Ra3 Kg6 64. g3 Kg5 65. Kf2 Kf5 66.
Ra4 Kg5 67. Kf3 Kf5 68. Ra2 Kg5 69. Ra1 Kf5 1/2-1/2

[Event "40 Nezhmetdinov Memorial"]
[Site "Kazan"]
[Date "2018.09.18"]
[Round "6.26"]
[White "Skatchkov, Valery"]
[Black "Sairanov, Talgat"]
[Result "1-0"]
[WhiteElo "2253"]
[BlackElo "2077"]
[PlyCount "87"]
[EventDate "2018.09.13"]

1. d4 Nf6 2. c4 g6 3. Nf3 Bg7 4. g3 O-O 5. Bg2 d6 6. O-O Nc6 7. Nc3 a6 8. b3
Rb8 9. Bb2 b5 10. cxb5 axb5 11. Rc1 Na5 12. d5 Bd7 13. Nd4 e5 14. dxe6 fxe6 15.
Ncxb5 e5 16. Nxc7 exd4 17. Bxd4 Kh8 18. Ba7 Rb7 19. Bxb7 Nxb7 20. Nd5 Bh3 21.
Re1 Qa5 22. Nf4 Qxa7 23. Nxh3 Ne4 24. e3 Qxa2 25. Qc2 Qxc2 26. Rxc2 Nbc5 27. b4
Nd3 28. Rd1 Nxb4 29. Rc4 Nc3 30. Rxd6 Nbd5 31. Rcc6 Ne7 32. Rc4 Nf5 33. Rd7
Ne2+ 34. Kg2 h6 35. Rc2 Nc3 36. Nf4 Rc8 37. Nxg6+ Kh7 38. Nf4 Kh8 39. Ne2 Be5
40. Rd3 Nxe2 41. Rxc8+ Kg7 42. Rd5 Ne7 43. Rxe5 Nxc8 44. Rc5 1-0

[Event "40 Nezhmetdinov Memorial"]
[Site "Kazan"]
[Date "2018.09.18"]
[Round "6.27"]
[White "Garifullina, Leya"]
[Black "Danielyan, Vahe"]
[Result "1/2-1/2"]
[WhiteElo "2053"]
[BlackElo "2249"]
[PlyCount "103"]
[EventDate "2018.09.13"]

1. e4 e5 2. Nf3 Nc6 3. Bb5 g6 4. d4 exd4 5. Bg5 Be7 6. Bxe7 Ngxe7 7. O-O O-O 8.
Nxd4 d5 9. Nc3 dxe4 10. Bxc6 Nxc6 11. Nxc6 bxc6 12. Nxe4 Bf5 13. Ng3 Qxd1 14.
Raxd1 Bxc2 15. Rd7 Ba4 16. Rxc7 a5 17. Re1 Bb5 18. Ne4 Rfd8 19. h4 a4 20. h5
gxh5 21. Nf6+ Kf8 22. Nd7+ Kg7 23. Ne5 Rf8 24. Nxc6 Bxc6 25. Rxc6 Rfd8 26. Re2
Ra5 27. Rc4 Rd3 28. Rf4 Kg6 29. Rc2 Ra6 30. g3 a3 31. b3 Rd1+ 32. Kg2 Rb1 33.
Ra4 Rxa4 34. bxa4 Rb4 35. a5 Ra4 36. Rc6+ Kf5 37. Rc5+ Kg6 38. Kh3 f6 39. f4
Rb4 40. Rc3 Ra4 41. Rc5 Rb4 42. Rc8 Ra4 43. Ra8 Kh6 44. a6 Kg7 45. a7 Kh6 46.
Kh4 Ra6 47. Rf8 Rxa7 48. Rxf6+ Kg7 49. Rf5 Rc7 50. Ra5 Rc3 51. Kxh5 Rxg3 52.
Rg5+ 1/2-1/2